Les chansons de Jok'air- Mort subite - Statistiques

Statistiques générales
  • Ce quiz a été pris 960 fois
    655 depuis la dernière actualisation
  • Le résultat moyen est 7 sur 11
Answers on the Grid
Answers color-coded by a green-red scale on the quiz's grid according to % correct below.
Tour en Ville
Mini Star
Quoi de neuf bébé ?
La seule qui m'aime pour de vrai
Las Vegas
Abdomen
Big Daddy Jok
Châtelet les Halles
Squale
Mon survet
Toxxxic
Goal
Flammes
Brûle
Daddy
Elle pleut
J'allume
Feu de bois
Tour en bateau
Mini me
 
Statistiques - réponses
Réponse % Correct
Las Vegas
93%
Big Daddy Jok
91%
Abdomen
87%
Quoi de neuf bébé ?
80%
Squale
72%
Mon survet
58%
La seule qui m'aime pour de vrai
55%
Châtelet les Halles
45%
Mini Star
43%
Daddy
42%
Tour en Ville
40%
Aucun quiz correspondant
Distribution des résultats
% des personnes avec chaque résultat
Percentile par nombre de réponses
Votre historique - résultats
Vous n’avez pas pris ce quiz depuis la dernière actualisation